000 00624nam a22002177a 4500
999 _c7348
_d7348
003 OSt
005 20211007171815.0
008 211007b ||||| |||| 00| 0 eng d
020 _a9780470682685
040 _cDDC
082 _a629.474 ELE 2012
100 _aWeedy, B. M.
_915057
245 _aElectric power systems.
250 _a5th ed.
260 _a New York :
_bJ. Wiley,
_c©2012
300 _axvi, 524 pages :
_b illustrations ;
_c 24 cm
504 _aIncludes bibliographical references and index
650 _2Electric power transmission.
650 _aElectric power systems.
_914791
942 _2ddc
_cBOOK